| 000 | 00704cam a22002413a 4500 | ||
|---|---|---|---|
| 001 | 25590 | ||
| 003 | PGUSA | ||
| 005 | 20140828083541.0 | ||
| 008 | 080525s2008||||xxu|||||s|||||000 | eng d | ||
| 040 |
_aPGUSA _beng |
||
| 042 | _adc | ||
| 050 | 4 | _aPZ | |
| 100 | 1 |
_aChamberlain, Basil Hall, _d1850-1935 |
|
| 245 | 1 | 4 |
_aThe Silly Jelly-Fish : _bTold in English _h[electronic resource] / _cBasil Hall Chamberlain |
| 260 |
_bProject Gutenberg, _c2008 |
||
| 506 | _aPublic domain in the USA. | ||
| 516 | _aElectronic text | ||
| 653 | _aFairy tales -- Japan | ||
| 740 | 0 | _aSaru no ikigimo. English | |
| 830 | 0 |
_aProject Gutenberg _v25590 |
|
| 856 | 4 | 0 | _uhttp://www.gutenberg.org/ebooks/25590 |
| 942 | _cEB | ||
| 999 |
_c254845 _d254845 |
||